• 首页
  • 本馆介绍
  • 公告通知
  • 最新文献
  • 馆藏检索
  • 电子资源
  • 读者导购
  • 参考咨询
  • 我的图书馆
  • 登录
  • 详细信息显示
  • 放入我的书架
  • 预约/预借图书
  • 作者相关作品
  • 分类相关作品
  • 丛书相关作品
  • 出版社相关作品

书目信息

  • 表格格式
  • 工作单格式
  • 卡片格式
题名:
港口航运海洋环境信息保障技术及应用
    
 
作者: 牟林 , 宋军 , 赵恩金 编著
分册:  
出版信息: 北京   电子工业出版社  2017.10
页数: 206页
开本: 24cm
丛书名:
单 册:
中图分类: U691
科图分类:
主题词: 港口--航运--海洋环境--信息系统
电子资源:
ISBN: 978-7-121-32781-0
000 01137nam0 2200253 450
001 4767
005 20181013085621.52
010    @a978-7-121-32781-0@dCNY59.00
100    @a20180217d2017 em y0chiy50 ea
101 0  @achi
102    @aCN@b110000
105    @aa z 000yy
200 1  @a港口航运海洋环境信息保障技术及应用@9gang kou hang yun hai yang huan jing xin xi bao zhang ji shu ji ying yong@f牟林,宋军,赵恩金编著
210    @a北京@c电子工业出版社@d2017.10
215    @a206页@c图@d24cm
330    @a本书对港口航运海洋环境信息保障技术及应用进行了总结及阐述,介绍了一体化的港口航运海洋环境信息保障技术中模型的构建方式及预报系统的研发过程。该系统包括乘潮水位预报技术、海上溢油预测预警技术及泥沙输运预报技术,可提供水文气象、泥沙淤积等海洋环境信息。
510 1  @aTechnology and application of marine environment information support for harbor and shipping@zeng
606 0  @a港口@x航运@x海洋环境@x信息系统
690    @aU691@v5
701  0 @a牟林@9mou lin@f(1978-)@4编著
701  0 @a宋军@9song jun@f(1983-)@4编著
701  0 @a赵恩金@9zhao en jin@f(1986-)@4编著
801  0 @aCN@b91MARC@c20180217
905    @aMuseLib@dU691@e766
    
    港口航运海洋环境信息保障技术及应用/牟林,宋军,赵恩金编著.-北京:电子工业出版社,2017.10
    206页:图;24cm
    
    
    ISBN 978-7-121-32781-0:CNY59.00
    本书对港口航运海洋环境信息保障技术及应用进行了总结及阐述,介绍了一体化的港口航运海洋环境信息保障技术中模型的构建方式及预报系统的研发过程。该系统包括乘潮水位预报技术、海上溢油预测预警技术及泥沙输运预报技术,可提供水文气象、泥沙淤积等海洋环境信息。
●
相关链接 在E读中查询图书 在五车中查询图书 在当当中查询图书 在豆瓣中查询图书


正题名:港口航运海洋环境信息保障技术及应用     索取号:U691/766         预约/预借

序号 登录号 条形码 馆藏地/架位号 状态 备注
1 1126549   211265496   第二样本阅览室/ [索取号:U691/766] 在馆    
2 1126550   211265502   第三借阅区/ [索取号:U691/766] 在馆    
3 1126551   211265511   第三借阅区/ [索取号:U691/766] 在馆    
4 1126552   211265520   第三借阅区/ [索取号:U691/766] 在馆    
5 1126553   211265539   第三借阅区/ [索取号:U691/766] 在馆    
唐山师范学院图书馆 欢迎您!
大连网信软件有限公司© 版权所有